| 000 | 00993nam a2200241 4500 | ||
|---|---|---|---|
| 005 | 20221125135423.0 | ||
| 008 | 221125s2022 ck a|||gr|||| 00| 0 spa d | ||
| 020 | _a9789587849516 | ||
| 040 |
_aCO-BoUCM _bspa _cDeissy Garcia _dDeissy Garcia |
||
| 041 | 0 | _aspa | |
| 100 | 1 |
_9176213 _aAcosta Olaya, Cristian |
|
| 245 | 1 | 3 |
_aUn dique en aguas turbulentas _bidentidades políticas, populismo y violencia en la Colombia de Jorge Eliécer Gaitán _cCristian Acosta Olaya |
| 260 |
_aBogotá _bUniversidad del Rosario _c2022 |
||
| 300 |
_axiii, 343 páginas _bilustraciones |
||
| 504 | _aIncluye referencias bibliográficas | ||
| 600 | 0 |
_966330 _aGaitán, Jorge Eliécer _d1898-1948 |
|
| 650 | 0 |
_9173292 _aGaitanismo _zColombia |
|
| 650 | 0 |
_aViolencia política _y1928-1948 _zColombia _9176214 |
|
| 651 | 1 |
_aColombia _xPolítica y gobierno _y1928-1948 _9176215 |
|
| 651 | 1 |
_aColombia _xHistoria _926897 |
|
| 942 |
_2DEWEY _cLIBROUR _a8 _e1 _h342.2861 _mA185d _n0 |
||
| 999 |
_c321885 _d321885 |
||